Stazioni della metropolitana di Genova - Statistics

Statistiche generali
  • Questo quiz è stato fatto 85 volte
  • Il punteggio medio è 6 su 8
Statistiche sulle risposte
Risposta % Corretto
Brignole
96%
Principe
95%
Brin
82%
Darsena
77%
De Ferrari
75%
Dinegro
71%
San Giorgio
71%
Sarzano/Sant'Agostino
64%
Nessun quiz corrispondente trovato
Distribuzione punteggi
Percentuale di utenti per punteggio
Percentile per numero di risposta
I tuoi punteggi nel tempo
Non hai fatto questo quiz